Effect ofdifferent hill spacing on phkarumduol rice rice variety in rainy sesion on crop station of royal university of agriculture ,(ឥទ្ធពលចន្លោះគុម្ភខុសៗគ្នា ទៅលើពូជស្រូវផ្ការំដួលនៅក្នុងលក្ខខណ្ឌរដូវវស្សា នៅស្ថានីយ៍ពិសោធន៍ដំណាំន នៃសាកលវិទ្យាល័យភូមិន្ធកសិកម្ម). (Record no. 725)

000 -LEADER
fixed length control field 00866nam a22001577a 4500
003 - CONTROL NUMBER IDENTIFIER
control field OSt
005 - DATE AND TIME OF LATEST TRANSACTION
control field 20150918114841.0
008 - FIXED-LENGTH DATA ELEMENTS--GENERAL INFORMATION
fixed length control field 150918b xxu||||| |||| 00| 0 eng d
040 ## - CATALOGING SOURCE
Transcribing agency RUA
082 ## - DEWEY DECIMAL CLASSIFICATION NUMBER
Classification number AGR SOK 2006 BO33 Or.1
100 ## - MAIN ENTRY--PERSONAL NAME
9 (RLIN) 756
Personal name SOK, KHEANG
245 ## - TITLE STATEMENT
Title Effect ofdifferent hill spacing on phkarumduol rice rice variety in rainy sesion on crop station of royal university of agriculture ,(ឥទ្ធពលចន្លោះគុម្ភខុសៗគ្នា ទៅលើពូជស្រូវផ្ការំដួលនៅក្នុងលក្ខខណ្ឌរដូវវស្សា នៅស្ថានីយ៍ពិសោធន៍ដំណាំន នៃសាកលវិទ្យាល័យភូមិន្ធកសិកម្ម).
260 ## - PUBLICATION, DISTRIBUTION, ETC. (IMPRINT)
Place of publication, distribution, etc. phnom phen
Name of publisher, distributor, etc. RUA
Date of publication, distribution, etc. 2006
300 ## - PHYSICAL DESCRIPTION
Extent XIV, 49p.
Other physical details ill.
Dimensions 29cm.
942 ## - ADDED ENTRY ELEMENTS (KOHA)
Source of classification or shelving scheme
Koha item type AGR
Holdings
Price effective from Date last seen Permanent Location Not for loan Date acquired Source of classification or shelving scheme Koha item type Lost status Withdrawn status Total Renewals Date last checked out Total Checkouts Shelving location Damaged status Barcode Current Location Full call number
2015-09-182019-12-30Library Block B 2015-09-18 AGR   2019-12-162B033 RUA002752Library Block BAGR SOK 2006 BO33 Or.1
2015-09-182019-11-18Library Block B 2015-09-18 AGR   2019-10-183B033 RUA002764Library Block BAGR SOK 2006 BO33 Or.2
2015-09-182020-01-03Library Block B 2015-09-18 AGR  12019-11-293B033 RUA002836Library Block BAGR SOK 2006 BO33 Or.3
2018-12-192018-12-19Library Block B 2018-12-19 AGR     B1.194 A41130Library Block BAGR SOK 2006 B1.194 Or.1
មជ្ឈមណ្ឌលឯការនៃសាកលវិទ្យាល័យភូមិន្ទកសិកម្មចំការដូង

Powered by Koha